A textbook of Bryophyta (Record no. 359443)

MARC details
000 -LEADER
fixed length control field 00495nam a2200193Ia 4500
008 - FIXED-LENGTH DATA ELEMENTS--GENERAL INFORMATION
fixed length control field 191130s2010##################000#0#eng##
020 ## - INTERNATIONAL STANDARD BOOK NUMBER
ISBN 8180301338
082 ## - DEWEY DECIMAL CLASSIFICATION NUMBER
Classification number 588 SIN
100 ## - MAIN ENTRY--AUTHOR NAME
Personal name Singh, S. K
245 ## - TITLE STATEMENT
Title A textbook of Bryophyta
Statement of responsibility, etc S.K. Singh
250 ## - EDITION STATEMENT
Edition statement 1st ed
260 ## - PUBLICATION, DISTRIBUTION, ETC. (IMPRINT)
Place of publication New Delhi
Name of publisher Campus Books
Year of publication 2010
300 ## - PHYSICAL DESCRIPTION
Number of Pages 272 p. : ill. ; 23 cm
650 ## - SUBJECT ADDED ENTRY--TOPICAL TERM
Topical Term Bryophytes
991 ## -
-- 328277
Holdings
Withdrawn status Lost status Damaged status Not for loan Home library Current library Shelving location Date acquired Full call number Accession Number Price effective from Koha item type
        Anna Centenary Library Anna Centenary Library 5TH FLOOR, B WING 17.10.2020 588 SIN 369515 17.10.2020 English Books

Find us on the map